Normal view
MARC view
Entry Personal Name
001 - CONTROL NUMBER
- control field: 596156
003 - CONTROL NUMBER IDENTIFIER
- control field:
005 - DATE AND TIME OF LATEST TRANSACTION
- control field: 20210603111649.0
008 - FIXED-LENGTH DATA ELEMENTS
- fixed length control field: 210603|| aca||aabn | a|a d
040 ## - CATALOGING SOURCE
- Original cataloging agency:
- Transcribing agency:
100 ## - HEADING--PERSONAL NAME
- Personal name: Rothstcin, Samuel, ,
- Dates associated with a name: 1921-
670 ## - SOURCE DATA FOUND
- Source citation: Work cat.: (): Rothstcin, Samuel, , 1921-, The development of reference services through academic traditions, public library practice, and special librarianship. /, 1955
